000 00309nam a2200109Ia 4500
008 200302s9999 xx 000 0 und d
100 _aRainer Barthel and Others
245 _aFrei Otto complete works lightweight construction natural design
260 _bBirkhauser Verlag Gmbh
260 _c2005
300 _a391
999 _c6526
_d6526